| 000 | 00431nam a2200181Ia 4500 | ||
|---|---|---|---|
| 001 | 2746 | ||
| 005 | 20260306144829.0 | ||
| 008 | 260306t2006||||xx |||||||||||||| ||spa|| | ||
| 041 | _aESP | ||
| 082 |
_a221.04 _bV937 |
||
| 100 |
_aVerkindere, Gérard _eAUT |
||
| 245 | 0 | _aLa justicia en el Antiguo Testamento | |
| 260 | _c2006 | ||
| 300 |
_a61 páginas : _c19 cm. |
||
| 650 | _aGEN | ||
| 654 | _aCHU | ||
| 942 |
_cLIB _dJUS _fJUS _2ddc _n |
||
| 999 |
_c2746 _d2746 |
||